000 01388nam a2200289 c 4500
003 BLK
005 20221012165542.0
008 180408b bul|||||r ||||||| ||bul||
010 _aKNG00061591000
040 _aBLK
041 _aBUL
_cBUL
080 _aТоксикология. Отравяния. Учение за отровите. Общи въпроси. Отрови - органични, неорганични, растителни, животински. Вж и 615. 009. Противоотрови вж 615. 27
_b615.9
_x(035)
_z615.9(035)
080 _aБорба с болестите и вредителите на растенията
_b632.9
_x(035)
_z632.9(035)
100 1 _aБайнова, Ада Иванова
_9242582
700 1 _aКалоянова, Ф.
_eред.
_9287716
139 _aСправочник за безопасно приложение на пестицидите
_bС59
245 1 0 _aСправочник за безопасно приложение на пестицидите
_cАда Иванова Байнова; ред. Ф. Калоянова.
257 _aBGR
260 София
_bМедицина и физкултура
_c1984
300 _a252 с.
_c23 см
380 _a61
852 _aЦб 126542
856 4 _qpdf
_u
856 4 _qpdf
_u
942 _cKNG
_n0
944 _aCR
_c13.06.2004
_kЧиталня
944 _aED
_c24.09.2015
_k
999 _c57585
_d57585